000 00583nam a2200229 a 4500
001 nice12345678
003 IN_TiNIC
005 20260116013534.0
008 050524s2000 jaia grp 000 0 eng
020 _a
_c475
082 0 0 _a306.0899145
_bPAN
100 _aPanigrahi, Nilakantha
245 _aTrading Community of India
260 _aJaipur
_bRawat Pub
_c2000
300 _a252p
500 _aincludes index and biblioraphy
505 2 _aCommunal and Ethinic Violence in India.
650 _aCaste-India Gujarat
902 _bSRS
942 _cBK
999 _c11386
_d11386